Membros do Block B - Statistics

Estatísticas Gerais
  • Esse quiz foi jogado 2 vezes
  • A pontuação média é 4 de 7
Estatísticas das Respostas
Resposta % Correto
Zico
100%
Jaehyo
50%
Park Kyung
50%
P.O.
50%
Taeil
50%
U-kwon
50%
B-bomb
0%
Nenhum quiz correspondente encontrado
Distribuição das Pontuações
Porcentagem de Pessoas com Cada Pontuação
Percentil de Números Respondidos
Sua Pontuação Histórica
Você não jogou esse quiz